<?xml version="1.0" encoding="UTF-8"?>
<record
    xmlns:xsi="http://www.w3.org/2001/XMLSchema-instance"
    xsi:schemaLocation="http://www.loc.gov/MARC21/slim http://www.loc.gov/standards/marcxml/schema/MARC21slim.xsd"
    xmlns="http://www.loc.gov/MARC21/slim">

  <leader>01642nam a2200325 i 4500</leader>
  <controlfield tag="003">DO-SdBNP</controlfield>
  <controlfield tag="005">20260323110347.0</controlfield>
  <controlfield tag="007">ta</controlfield>
  <controlfield tag="008">211021e2017    dr ab||er|||| 001 edspa d</controlfield>
  <datafield tag="010" ind1=" " ind2=" ">
    <subfield code="a">n 90715996</subfield>
  </datafield>
  <datafield tag="020" ind1=" " ind2=" ">
    <subfield code="a">9789945410921</subfield>
  </datafield>
  <datafield tag="040" ind1=" " ind2=" ">
    <subfield code="a">DO-SdBNP</subfield>
    <subfield code="b">spa</subfield>
    <subfield code="c">BNPHU</subfield>
    <subfield code="e">rda</subfield>
  </datafield>
  <datafield tag="041" ind1=" " ind2=" ">
    <subfield code="a">spa</subfield>
  </datafield>
  <datafield tag="082" ind1=" " ind2="4">
    <subfield code="a">361.1097293</subfield>
    <subfield code="b">N964a</subfield>
    <subfield code="2">22</subfield>
  </datafield>
  <datafield tag="100" ind1="1" ind2=" ">
    <subfield code="a">N&#xFA;&#xF1;ez, Manuel,</subfield>
    <subfield code="d">1957-</subfield>
    <subfield code="e">autor</subfield>
    <subfield code="4">aut.</subfield>
    <subfield code="9">2366</subfield>
  </datafield>
  <datafield tag="245" ind1="1" ind2="3">
    <subfield code="a">La autodestrucci&#xF3;n : </subfield>
    <subfield code="b">la descomposici&#xF3;n de la sociedad dominicana /</subfield>
    <subfield code="c">Manuel N&#xFA;&#xF1;ez.</subfield>
  </datafield>
  <datafield tag="264" ind1=" " ind2="4">
    <subfield code="a">Santo Domingo, Rep&#xFA;blica Dominicana : </subfield>
    <subfield code="b">Letra Gr&#xE1;fica,</subfield>
    <subfield code="c">&#xA9;2017.</subfield>
  </datafield>
  <datafield tag="300" ind1=" " ind2=" ">
    <subfield code="a">758 p&#xE1;ginas :</subfield>
    <subfield code="b">ilustraciones, mapas ;</subfield>
    <subfield code="c">23 cm.</subfield>
  </datafield>
  <datafield tag="336" ind1=" " ind2=" ">
    <subfield code="a">texto </subfield>
    <subfield code="b">txt</subfield>
    <subfield code="2">rdacontent </subfield>
  </datafield>
  <datafield tag="337" ind1=" " ind2=" ">
    <subfield code="a">sin mediaci&#xF3;n</subfield>
    <subfield code="b">n</subfield>
    <subfield code="2">rdamedia </subfield>
  </datafield>
  <datafield tag="338" ind1=" " ind2=" ">
    <subfield code="a">volumen</subfield>
    <subfield code="b">nc</subfield>
    <subfield code="2">rdacarrier </subfield>
  </datafield>
  <datafield tag="500" ind1=" " ind2=" ">
    <subfield code="a">Incluye &#xED;ndice onom&#xE1;stico. </subfield>
  </datafield>
  <datafield tag="500" ind1=" " ind2=" ">
    <subfield code="a">Incluye datos biogr&#xE1;ficos del autor en las solapas de la cubierta </subfield>
  </datafield>
  <datafield tag="505" ind1="0" ind2=" ">
    <subfield code="a">Notas preliminares. --</subfield>
    <subfield code="t">Cronolog&#xED;a de un a&#xF1;o crucial 20015 y 20016. --</subfield>
    <subfield code="t">Introducci&#xF3;n. --</subfield>
    <subfield code="t">Lo que queda de la Rep&#xFA;blica Dominicana.--</subfield>
    <subfield code="t">La fabricaci&#xF3;n de una culpabilidad internacional.--</subfield>
    <subfield code="t">La destrucci&#xF3;n de la autoestima.-- </subfield>
    <subfield code="t">El silencio de los historiadores.--</subfield>
    <subfield code="t">La nacionalidad se ha desconectado de la identidad nacional.-- </subfield>
    <subfield code="t">La descomposici&#xF3;n de la sociedad dominicana.-- </subfield>
    <subfield code="t">La traici&#xF3;n de las &#xE9;lites.-- </subfield>
    <subfield code="t">Papel del intervencionismo internacional.-- </subfield>
    <subfield code="t">El escenario de la destrucci&#xF3;n.</subfield>
  </datafield>
  <datafield tag="590" ind1=" " ind2=" ">
    <subfield code="a">Inventariado 2021 / MF</subfield>
  </datafield>
  <datafield tag="650" ind1=" " ind2="7">
    <subfield code="a">Problemas sociales</subfield>
    <subfield code="9">9290</subfield>
  </datafield>
  <datafield tag="651" ind1=" " ind2="7">
    <subfield code="a">Rep&#xFA;blica Dominicana </subfield>
    <subfield code="x">Condiciones sociales</subfield>
    <subfield code="9">46</subfield>
    <subfield code="y">1961-</subfield>
    <subfield code="2">LEMB</subfield>
  </datafield>
  <datafield tag="910" ind1=" " ind2=" ">
    <subfield code="a">MF/Validado. Control de calidad MFF</subfield>
  </datafield>
  <datafield tag="942" ind1=" " ind2=" ">
    <subfield code="2">ddc</subfield>
    <subfield code="c">LBS1</subfield>
  </datafield>
  <datafield tag="952" ind1=" " ind2=" ">
    <subfield code="0">0</subfield>
    <subfield code="1">0</subfield>
    <subfield code="2">ddc</subfield>
    <subfield code="5">1</subfield>
    <subfield code="7">0</subfield>
    <subfield code="8">PD</subfield>
    <subfield code="a">BNPHU</subfield>
    <subfield code="b">BNPHU</subfield>
    <subfield code="c">HD</subfield>
    <subfield code="d">2017-10-25</subfield>
    <subfield code="e">Dep&#xF3;sito legal </subfield>
    <subfield code="l">0</subfield>
    <subfield code="o">BNPHU PD 361.1097293 N964a</subfield>
    <subfield code="p">2021-27556</subfield>
    <subfield code="r">2021-10-21</subfield>
    <subfield code="w">2021-10-21</subfield>
    <subfield code="y">LBS1</subfield>
  </datafield>
  <datafield tag="952" ind1=" " ind2=" ">
    <subfield code="0">0</subfield>
    <subfield code="1">0</subfield>
    <subfield code="2">ddc</subfield>
    <subfield code="5">1</subfield>
    <subfield code="7">0</subfield>
    <subfield code="8">PD</subfield>
    <subfield code="a">BNPHU</subfield>
    <subfield code="b">BNPHU</subfield>
    <subfield code="c">HD</subfield>
    <subfield code="d">2017-10-25</subfield>
    <subfield code="e">Dep&#xF3;sito legal </subfield>
    <subfield code="l">0</subfield>
    <subfield code="o">BNPHU PD 361.1097293 N964a</subfield>
    <subfield code="p">2021-27557</subfield>
    <subfield code="r">2021-10-21</subfield>
    <subfield code="t">e.2</subfield>
    <subfield code="w">2021-10-21</subfield>
    <subfield code="y">LBS1</subfield>
  </datafield>
  <datafield tag="952" ind1=" " ind2=" ">
    <subfield code="0">0</subfield>
    <subfield code="1">0</subfield>
    <subfield code="2">ddc</subfield>
    <subfield code="5">6</subfield>
    <subfield code="7">0</subfield>
    <subfield code="8">DS</subfield>
    <subfield code="a">BNPHU</subfield>
    <subfield code="b">BNPHU</subfield>
    <subfield code="c">HD</subfield>
    <subfield code="d">2017-10-25</subfield>
    <subfield code="e">Dep&#xF3;sito legal </subfield>
    <subfield code="l">0</subfield>
    <subfield code="o">BNPHU DS 361.1097293 N964a</subfield>
    <subfield code="p">2021-27558</subfield>
    <subfield code="r">2021-10-21</subfield>
    <subfield code="t">e.3</subfield>
    <subfield code="w">2021-10-21</subfield>
    <subfield code="y">LBS1</subfield>
  </datafield>
  <datafield tag="952" ind1=" " ind2=" ">
    <subfield code="0">0</subfield>
    <subfield code="1">0</subfield>
    <subfield code="2">ddc</subfield>
    <subfield code="5">6</subfield>
    <subfield code="7">0</subfield>
    <subfield code="8">DS</subfield>
    <subfield code="a">BNPHU</subfield>
    <subfield code="b">BNPHU</subfield>
    <subfield code="c">HD</subfield>
    <subfield code="d">2023-02-02</subfield>
    <subfield code="e">Donado por Carlos Ledero</subfield>
    <subfield code="l">0</subfield>
    <subfield code="o">BNPHU DS 361.1097293 N964a </subfield>
    <subfield code="p">2023-0549</subfield>
    <subfield code="r">2023-02-02</subfield>
    <subfield code="t">e.4</subfield>
    <subfield code="w">2023-02-02</subfield>
    <subfield code="y">LBS1</subfield>
  </datafield>
  <datafield tag="952" ind1=" " ind2=" ">
    <subfield code="0">0</subfield>
    <subfield code="1">0</subfield>
    <subfield code="2">ddc</subfield>
    <subfield code="5">6</subfield>
    <subfield code="7">0</subfield>
    <subfield code="8">DS</subfield>
    <subfield code="a">BNPHU</subfield>
    <subfield code="b">BNPHU</subfield>
    <subfield code="c">HD</subfield>
    <subfield code="d">2026-03-23</subfield>
    <subfield code="e">Donado por Federico Henr&#xED;quez Gratereaux</subfield>
    <subfield code="l">0</subfield>
    <subfield code="o">BNPHU DS 361.1097293 N964a</subfield>
    <subfield code="p">2026-2426</subfield>
    <subfield code="r">2026-03-23</subfield>
    <subfield code="t">e.5</subfield>
    <subfield code="w">2026-03-23</subfield>
    <subfield code="y">LBS1</subfield>
    <subfield code="z">Dedicado.</subfield>
  </datafield>
  <datafield tag="999" ind1=" " ind2=" ">
    <subfield code="c">50803</subfield>
    <subfield code="d">50803</subfield>
  </datafield>
</record>
